000 00639nam a2200229Ia 4500
003 OSt
005 20220925220327.0
006 a|||||r|||| 00| 0
007 ta
008 220923b |||||||| |||| 00| 0 eng d
037 _cGeneral Book
040 _aRTL
_cRTL
_beng
041 _2eng
_aeng
082 _aX512:8E, K9
100 _aWelch D T
_9284568
245 0 _aBudgetary control and cost reduction for retail companies
260 _aLondon
_bMacdonald and Evans
_c1969
300 _axii, 204p.
_ccm.
650 _aRetail
_9233455
942 _hX512:8E, K9
_cGB
_2CC
999 _c571139
_d571139